000 00460cam a2200193 4500
001 H30
008 090401t1975 xxu||||| |||| 00| 0 eng d
035 _a(Sirsi) u36530
041 _aeng
050 _a332.45
100 _aEinzig, Paul
245 4 _aThe Euro-Bond market
260 _aLondon
_bMacMillan Press
_c1975
300 _a219p. ; 22cm.
350 _a0
690 _aPROPERTY-PROPERTY FINANCE AND INVESTMENT
942 _n0
948 _c04/03/1997
999 _c90317
_d90317